00349nam a2200121 a 4500008004100000050001800041100002200059245006300081260003200144300002200176350000900198700002000207120416s1975 ||||||||||||||||| || u aHF 5548.8 Mot aSteers, Richard M10aMotivation and work behaviourcedited by Richard M. Steers aNew YorkbMcGraw-Hillc1975 axii, 585p. : ill. a0.00 aPorter, Lyman W